| 000 | 00917nam a2200325 a 4500 | ||
|---|---|---|---|
| 003 | AR-BaBNM | ||
| 005 | 20251128204002.0 | ||
| 008 | 082120s2002 ||||||||||||||000 | spa|| | ||
| 040 | _cAR-BaBNM | ||
| 110 | 2 | _aInstituto Nacional de Filología y Folklore [Argentina] | |
| 245 | 0 | 0 | _aCuentos folklóricos de la Argentina |
| 250 | _a1ª ed. | ||
| 260 |
_aBuenos Aires _bMinisterio de Educación y Justicia _c1960 |
||
| 300 | _a254 p. | ||
| 500 | _aContiene léxico en p. 251-254 | ||
| 504 | _aBibliografía general en p. 241-249 | ||
| 650 | 4 | _aLITERATURA ARGENTINA | |
| 650 | 4 | _aLEYENDAS | |
| 650 | 4 | _aLITERATURA FOLKLORICA | |
| 650 | 4 | _aANALISIS LITERARIO | |
| 650 | 4 | _aCUENTOS DE ANIMALES | |
| 650 | 4 | _aHUMOR | |
| 650 | 4 | _aSUPERSTICION | |
| 650 | 4 | _aMAGIA | |
| 653 | _aCUENTO MARAVILLOSO | ||
| 655 | _aLITERATURA | ||
| 700 | 1 |
_aChertudi, Susana _ecolaborador |
|
| 942 | _cBK | ||
| 998 | _cisola | ||
| 999 |
_c5722 _d5722 |
||